[Event "Reunion op 18th"]
[Site "St Denis"]
[Date "2016.10.10"]
[Round "1"]
[White "Andriandaza, Tombo Omar"]
[Black "Sandjivy, Vivien"]
[Result "1-0"]
[WhiteElo "1699"]
[BlackElo "1214"]
[PlyCount "59"]
[EventDate "2016.10.10"]
[EventType "swiss"]
[EventRounds "7"]
[EventCountry "RUF"]
[SourceTitle "CBM 175 Extra"]
[Source "ChessBase"]
[SourceDate "2016.12.12"]
[SourceVersion "1"]
[SourceVersionDate "2016.12.12"]
[SourceQuality "1"]

1. e4 e5 2. Nf3 Nc6 3. Bc4 Nf6 4. 0-0 Nxe4 5. d4 d5 6. Bb5 exd4 7. Nxd4 Bd7 8. Bxc6 bxc6 9. Re1 c5 10. Nb3 Be6 11. Be3 Qf6 12. f3 Ng5 13. Nxc5 Qxb2 14. Bd4 Bxc5 15. Bxc5 Qxa1 16. Qxd5 Rd8 17. Qxg5 Qf6 18. Qe3 a6 19. Nc3 Qf5 20. Ne4 Rd5 21. c4 Rd7 22. Qb3 Qe5 23. Nd6+ cxd6 24. Rxe5 dxe5 25. Qb8+ Rd8 26. Qxe5 Rd1+ 27. Kf2 Rg8 28. f4 f5 29. Qxe6+ Kd8 30. Qxg8+ 1-0

[Event "Reunion op 17th"]
[Site "St Denis"]
[Date "2015.10.10"]
[Round "2"]
[White "Melon, Antonin"]
[Black "Sandjivy, Vivien"]
[Result "1-0"]
[WhiteElo "1520"]
[BlackElo "1318"]
[PlyCount "91"]
[EventDate "2015.10.10"]
[EventType "swiss"]
[EventRounds "9"]
[EventCountry "RUF"]
[SourceTitle "CBM 168 Extra"]
[Source "ChessBase"]
[SourceDate "2015.10.29"]
[SourceVersion "1"]
[SourceVersionDate "2015.10.29"]
[SourceQuality "1"]

1. e4 e5 2. Nf3 Nc6 3. Bc4 Nf6 4. d3 Bc5 5. Bg5 d6 6. h3 h6 7. Bh4 Be6 8. Bb3 Qd7 9. Bxf6 gxf6 10. Nc3 0-0-0 11. Nd5 Bxd5 12. Bxd5 Nb4 13. Bc4 f5 14. a3 fxe4 15. axb4 exf3 16. bxc5 fxg2 17. Rg1 Qxh3 18. Bxf7 Qh2 19. Qg4+ Kb8 20. Qxg2 Qf4 21. Bd5 c6 22. Bb3 Qb4+ 23. Ke2 Qxc5 24. Qg3 Rdf8 25. Qe3 Qxe3+ 26. fxe3 Rf6 27. Raf1 Rxf1 28. Rxf1 h5 29. Rg1 d5 30. e4 dxe4 31. dxe4 h4 32. Rg8+ Rxg8 33. Bxg8 Kc7 34. Kf3 Kd6 35. Kg4 b5 36. Kxh4 a5 37. b3 Kc5 38. Kg5 Kd4 39. Kf5 c5 40. Bd5 c4 41. Bc6 cxb3 42. cxb3 b4 43. Bd5 Kc5 44. Kxe5 Kb6 45. Kd6 Ka6 46. e5 1-0

[Event "Reunion op 17th"]
[Site "St Denis"]
[Date "2015.10.10"]
[Round "5"]
[White "Sandjivy, Vivien"]
[Black "Petry, Joachim"]
[Result "0-1"]
[WhiteElo "1318"]
[BlackElo "1399"]
[PlyCount "88"]
[EventDate "2015.10.10"]
[EventType "swiss"]
[EventRounds "9"]
[EventCountry "RUF"]
[SourceTitle "CBM 168 Extra"]
[Source "ChessBase"]
[SourceDate "2015.10.29"]
[SourceVersion "1"]
[SourceVersionDate "2015.10.29"]
[SourceQuality "1"]

1. Nf3 Nf6 2. d4 d5 3. Nc3 e6 4. Bf4 h6 5. g3 Bb4 6. Bg2 Bxc3+ 7. bxc3 b5 8. Ne5 Bb7 9. Rb1 0-0 10. c4 c6 11. c5 Qa5+ 12. Bd2 Qc7 13. Bf4 Qd8 14. a4 Ne4 15. Bxe4 dxe4 16. e3 Qa5+ 17. Qd2 Qxd2+ 18. Kxd2 f6 19. Ng4 h5 20. Bd6 Rf7 21. Nh6+ gxh6 22. Rhf1 Nd7 23. f3 f5 24. fxe4 fxe4 25. Rxf7 Kxf7 26. Rf1+ Kg6 27. a5 Re8 28. Rf4 Nf6 29. Be5 Rf8 30. h4 Rf7 31. c3 Bc8 32. Rxf6+ Rxf6 33. Bxf6 Kxf6 34. Ke1 e5 35. Kf2 Bh3 36. Kg1 Be6 37. Kg2 Kf5 38. Kg1 Kg4 39. Kg2 Bc4 40. dxe5 Kf5 41. Kh3 Be2 42. Kg2 Kxe5 43. Kf2 Bf3 44. Kg1 Kd5 0-1

[Event "Reunion op 17th"]
[Site "St Denis"]
[Date "2015.10.10"]
[Round "3"]
[White "Sandjivy, Vivien"]
[Black "Poudroux, Mathilde"]
[Result "1-0"]
[WhiteElo "1318"]
[BlackElo "1199"]
[PlyCount "71"]
[EventDate "2015.10.10"]
[EventType "swiss"]
[EventRounds "9"]
[EventCountry "RUF"]
[SourceTitle "CBM 168 Extra"]
[Source "ChessBase"]
[SourceDate "2015.10.29"]
[SourceVersion "1"]
[SourceVersionDate "2015.10.29"]
[SourceQuality "1"]

1. Nf3 d5 2. d4 Nc6 3. Bf4 Nf6 4. Nc3 e6 5. Nb5 Bd6 6. Ne5 0-0 7. g3 Bd7 8. Bg2 Qe7 9. f3 a6 10. Nc3 b5 11. e4 a5 12. Nxb5 dxe4 13. fxe4 Nb4 14. Nxd7 Qxd7 15. Nc3 Bxf4 16. gxf4 Rfe8 17. e5 Nfd5 18. Be4 Nxf4 19. Rf1 Nbd5 20. Qg4 Ne3 21. Qxf4 Nxf1 22. Bxa8 Rxa8 23. Qxf1 Rf8 24. 0-0-0 h6 25. Qg2 f6 26. Qg6 f5 27. d5 f4 28. dxe6 Qe7 29. Rd7 Qxd7 30. exd7 f3 31. Ne4 c6 32. Nf6+ Rxf6 33. d8Q+ Rf8 34. Qe6+ Kh7 35. Qxf8 a4 36. Qfg8# 1-0

[Event "Reunion op 16th"]
[Site "St Denis"]
[Date "2014.10.24"]
[Round "8"]
[White "Sandjivy, Vivien"]
[Black "Alex Geerjanan, Nils"]
[Result "1-0"]
[WhiteElo "1220"]
[BlackElo "1009"]
[PlyCount "33"]
[EventDate "2014.10.18"]
[EventType "swiss"]
[EventRounds "9"]
[EventCountry "RUF"]
[SourceTitle "EXT 2015"]
[Source "ChessBase"]
[SourceDate "2014.11.20"]
[SourceVersion "1"]
[SourceVersionDate "2014.11.20"]
[SourceQuality "1"]

1. Nf3 d5 2. d4 Nc6 3. Bf4 Bf5 4. e3 Nb4 5. Bd3 Nxd3+ 6. cxd3 Nf6 7. h3 a5 8. Nc3 Ra6 9. Nb5 e6 10. Nxc7+ Ke7 11. Nxa6 Qb6 12. Nc7 Kd8 13. Qc2 Bd6 14. Na8 Qa6 15. Bxd6 Qxa8 16. Qc7+ Ke8 17. Qe7# 1-0

[Event "Reunion op 16th"]
[Site "St Denis"]
[Date "2014.10.23"]
[Round "6"]
[White "Sandjivy, Vivien"]
[Black "Labrande, Emmanuel"]
[Result "0-1"]
[WhiteElo "1220"]
[BlackElo "1389"]
[PlyCount "118"]
[EventDate "2014.10.18"]
[EventType "swiss"]
[EventRounds "9"]
[EventCountry "RUF"]
[SourceTitle "EXT 2015"]
[Source "ChessBase"]
[SourceDate "2014.11.20"]
[SourceVersion "1"]
[SourceVersionDate "2014.11.20"]
[SourceQuality "1"]

1. Nf3 g6 2. d4 Bg7 3. Nc3 d6 4. h3 a6 5. Bf4 b5 6. g3 Bb7 7. Bg2 Nd7 8. Qd2 c5 9. d5 Nb6 10. 0-0-0 b4 11. Ne4 Bxd5 12. Qe3 Bxb2+ 13. Kb1 Nc4 14. Qd3 Be6 15. Nxd6+ Kf8 16. Ng5 exd6 17. Bxa8 Qf6 18. Bxd6+ Kg7 19. Nxe6+ Qxe6 20. Bxc5 Bc3 21. Bd4+ Nf6 22. Bxc3 bxc3 23. Qxc3 Rxa8 24. Rd4 Nd6 25. Rhd1 Nb5 26. Qf3 Nxd4 27. Rxd4 Qb6+ 28. Kc1 Qxd4 29. Qxa8 Qa1+ 30. Kd2 Qxa2 31. Qa7 a5 32. Qd4 a4 33. g4 Qd5 34. Qxd5 Nxd5 35. Kc1 Nc3 36. Kb2 Nd1+ 37. Ka3 Nxf2 38. Kxa4 Nxh3 39. c4 Kf8 40. c5 Ke8 41. Kb5 Kd8 42. Kb6 f6 43. c6 h5 44. g5 Nxg5 45. e4 Nxe4 46. c7+ Kc8 47. Kc6 h4 48. Kb6 h3 49. Ka7 Kxc7 50. Ka6 h2 51. Ka5 h1Q 52. Kb5 Qc1 53. Kb4 Qc5+ 54. Ka4 Qb6 55. Ka3 Kc6 56. Ka2 Kc5 57. Ka1 Kc4 58. Ka2 Kc3 59. Ka1 Qb2# 0-1

[Event "Reunion op 15th"]
[Site "St Denis"]
[Date "2013.10.17"]
[Round "6"]
[White "Labrande, Jean Donatien"]
[Black "Sandjivy, Vivien"]
[Result "1-0"]
[WhiteElo "1070"]
[BlackElo "1380"]
[PlyCount "96"]
[EventDate "2013.10.12"]
[EventType "swiss"]
[EventRounds "9"]
[EventCountry "RUF"]
[SourceTitle "EXT 2014"]
[Source "ChessBase"]
[SourceDate "2013.11.20"]
[SourceVersion "1"]
[SourceVersionDate "2013.11.20"]
[SourceQuality "1"]

1. e4 e5 2. Nf3 Nc6 3. Bc4 h6 4. c3 Bc5 5. d4 exd4 6. cxd4 Bb4+ 7. Bd2 Bxd2+ 8. Nbxd2 d6 9. Qb3 Qe7 10. Qc3 Nf6 11. 0-0 0-0 12. Rae1 Bg4 13. e5 Nd7 14. Re4 Bxf3 15. Nxf3 Rae8 16. Rfe1 Nb6 17. Bd3 d5 18. R4e3 Nb4 19. a3 Nxd3 20. Qxd3 Nc4 21. R3e2 Qd7 22. a4 f6 23. exf6 Rxe2 24. Rxe2 Rxf6 25. b3 Nd6 26. Ne5 Qe8 27. Ng4 Re6 28. Ne5 Nf7 29. f4 Nxe5 30. fxe5 Qf8 31. Qb5 Rc6 32. Qxd5+ Kh8 33. Qe4 Rc3 34. e6 Rc1+ 35. Re1 Rxe1+ 36. Qxe1 Qe7 37. Qe4 Kg8 38. d5 Kf8 39. Qf5+ Kg8 40. b4 b6 41. g4 a5 42. b5 Qc5+ 43. Kg2 Qe7 44. h4 Kh8 45. g5 hxg5 46. hxg5 Kg8 47. g6 Kh8 48. Qh5+ Kg8 1-0

[Event "Reunion op 15th"]
[Site "St Denis"]
[Date "2013.10.17"]
[Round "7"]
[White "Sandjivy, Vivien"]
[Black "Lee Luen Mang, Henri"]
[Result "1-0"]
[WhiteElo "1380"]
[BlackElo "1499"]
[PlyCount "67"]
[EventDate "2013.10.12"]
[EventType "swiss"]
[EventRounds "9"]
[EventCountry "RUF"]
[SourceTitle "EXT 2014"]
[Source "ChessBase"]
[SourceDate "2013.11.20"]
[SourceVersion "1"]
[SourceVersionDate "2013.11.20"]
[SourceQuality "1"]

1. Nf3 d5 2. d4 Nf6 3. Bg5 Bg4 4. e3 h6 5. Bxf6 gxf6 6. h3 Be6 7. Bb5+ Nc6 8. Bxc6+ bxc6 9. 0-0 Rg8 10. Nc3 Bxh3 11. Nh4 Qd7 12. Qf3 e5 13. dxe5 fxe5 14. Kh2 Bg4 15. Qg3 Rg5 16. f3 Be6 17. Qf2 0-0-0 18. Rfd1 Be7 19. e4 Rdg8 20. Qxa7 Kd8 21. exd5 cxd5 22. Nxd5 Bd6 23. Nf6 e4+ 24. Kh1 Qe7 25. Nxg8 Rxg8 26. Rg1 Kd7 27. Qa4+ Kd8 28. Qxe4 Ke8 29. Rge1 Rg5 30. Rad1 Re5 31. Qa8+ Qd8 32. Qxd8+ Kxd8 33. Rxe5 Ke7 34. Ree1 1-0

[Event "Reunion op 15th"]
[Site "St Denis"]
[Date "2013.10.14"]
[Round "4"]
[White "Sandjivy, Vivien"]
[Black "Al Zaabi, Sultan"]
[Result "0-1"]
[WhiteElo "1380"]
[BlackElo "1551"]
[PlyCount "68"]
[EventDate "2013.10.12"]
[EventType "swiss"]
[EventRounds "9"]
[EventCountry "RUF"]
[SourceTitle "EXT 2014"]
[Source "ChessBase"]
[SourceDate "2013.11.20"]
[SourceVersion "1"]
[SourceVersionDate "2013.11.20"]
[SourceQuality "1"]

1. Nf3 Nf6 2. d4 e6 3. a3 d5 4. Nc3 Be7 5. Bf4 b6 6. e3 Bb7 7. Bd3 Ne4 8. Bxe4 dxe4 9. Ne5 Bd5 10. Nb5 Na6 11. Qe2 f6 12. Qh5+ g6 13. Nxg6 Kd7 14. Nxh8 Qxh8 15. Qe2 h5 16. 0-0 e5 17. dxe5 fxe5 18. Bg3 h4 19. Rad1 Kc6 20. Qd2 Rd8 21. Qc3+ Kxb5 22. a4+ Kxa4 23. Ra1+ Kb5 24. Qd2 hxg3 25. fxg3 Bc4 26. Qc3 Bb4 27. Qxc4+ Kxc4 28. Rxa6 Ba5 29. Rxa7 Rd7 30. Ra1 Qb8 31. R7xa5 bxa5 32. Rxa5 Rd1+ 33. Kf2 Qf8+ 34. Ke2 Qf1# 0-1

[Event "Reunion op 14th"]
[Site "St Denis"]
[Date "2012.10.10"]
[Round "5"]
[White "Sandjivy, Vivien"]
[Black "Artigaud, Laurent"]
[Result "0-1"]
[WhiteElo "1100"]
[BlackElo "1500"]
[PlyCount "80"]
[EventDate "2012.10.06"]
[EventType "swiss"]
[EventRounds "9"]
[EventCountry "RUF"]
[SourceTitle "EXT 2013"]
[Source "ChessBase"]
[SourceDate "2012.11.22"]
[SourceVersion "1"]
[SourceVersionDate "2012.11.22"]
[SourceQuality "1"]

1. Nf3 c5 2. e4 Nc6 3. c3 e6 4. d3 d5 5. Qe2 dxe4 6. Qxe4 Nf6 7. Qc4 b6 8. Be3 Bb7 9. d4 cxd4 10. cxd4 Be7 11. Nc3 0-0 12. Be2 Rc8 13. Qb3 Bb4 14. 0-0 Bxc3 15. bxc3 Nd5 16. Qc2 Na5 17. Rac1 Rxc3 18. Qd2 Rxc1 19. Rxc1 Nxe3 20. Qxe3 Qd6 21. Qd3 Rc8 22. Rxc8+ Bxc8 23. Qc2 Bb7 24. Ng5 g6 25. Ne4 Qc6 26. Qxc6 Nxc6 27. Nf6+ Kg7 28. Ne8+ Kf8 29. Nd6 Nxd4 30. Nxb7 Nxe2+ 31. Kf1 Nc3 32. a3 Nb1 33. a4 a6 34. Nd6 Nc3 35. Nc4 Nxa4 36. g3 b5 37. Na5 Ke7 38. Ke2 Kd6 39. Kd2 Nc5 40. Kc3 Kc7 0-1